000 00388nam a2200157Ia 4500
003 GCL
008 140319s9999 xx 000 0 eng d
040 _aGCL /
_cGCL
082 0 4 _aREF
_b912
_bH H
245 1 0 _aHAMMOND GOLD MEDALLION WORLD ATLAS
260 _a[S.N] :
_bABT AKVERT SKIRA S.A ،
_c1992
300 _a630 P
650 0 4 _aATLASES
650 0 4 _aWORLD ATLAS
942 _2ddc
_cBK
999 _c18910
_d18910